[Event "Oberliga Ost-A 1415"]
[Site "Germany"]
[Date "2015.03.15"]
[Round "9.5"]
[White "Graf, Roland"]
[Black "Pallas, Sebastian"]
[Result "0-1"]
[WhiteElo "2180"]
[BlackElo "2026"]
[PlyCount "40"]
[EventDate "2014.09.21"]
[EventType "team-tourn"]
[EventRounds "11"]
[EventCountry "GER"]
[SourceTitle "EXT 2016"]
[Source "ChessBase"]
[SourceDate "2015.10.08"]
[SourceVersion "1"]
[SourceVersionDate "2015.10.08"]
[SourceQuality "1"]
[WhiteTeam "Hoyerswerda"]
[BlackTeam "Loeberitz"]
[WhiteTeamCountry "GER"]
[BlackTeamCountry "GER"]

1. e4 c5 2. c3 Nf6 3. e5 Nd5 4. d4 cxd4 5. Qxd4 e6 6. Nf3 Nc6 7. Qe4 f5 8. exf6 Nxf6 9. Qc2 d5 10. Bg5 e5 11. Nbd2 Qb6 12. Nb3 Be6 13. Be3 d4 14. cxd4 Bb4+ 15. Bd2 e4 16. Nc5 Bd5 17. Na4 Qa5 18. a3 Bxd2+ 19. Nxd2 Nxd4 20. Qd1 Bb3 0-1

[Event "Muensterland op 31st"]
[Site "Senden"]
[Date "2013.11.03"]
[Round "9"]
[White "Mueller, Martin"]
[Black "Graf, Roland"]
[Result "1/2-1/2"]
[WhiteElo "2100"]
[BlackElo "2145"]
[PlyCount "62"]
[EventDate "2013.10.27"]
[EventType "swiss"]
[EventRounds "9"]
[EventCountry "GER"]
[SourceTitle "EXT 2014"]
[Source "ChessBase"]
[SourceDate "2013.11.20"]
[SourceVersion "1"]
[SourceVersionDate "2013.11.20"]
[SourceQuality "1"]

1. e4 e6 2. d4 d5 3. Nc3 Bb4 4. e5 c5 5. a3 Bxc3+ 6. bxc3 Ne7 7. Qg4 0-0 8. Nf3 Nbc6 9. Bd3 f5 10. exf6 Rxf6 11. Bg5 Rf7 12. Qh5 g6 13. Qh4 Qa5 14. 0-0 c4 15. Be2 Qxc3 16. Rfc1 Nf5 17. Qh3 Ncxd4 18. Bd1 Nxf3+ 19. Qxf3 Qxf3 20. Bxf3 Bd7 21. c3 b5 22. Rd1 Bc6 23. Re1 Re8 24. Re5 h6 25. Bd2 Kg7 26. Rae1 Bd7 27. Bxd5 exd5 28. Rxe8 Bxe8 29. Rxe8 Re7 30. Rxe7+ Nxe7 31. Kf1 Nc6 1/2-1/2

[Event "Oberliga Ost-A 1213"]
[Site "Germany"]
[Date "2013.04.13"]
[Round "10.4"]
[White "Graf, Roland"]
[Black "Paul, Johannes"]
[Result "1/2-1/2"]
[WhiteElo "2185"]
[BlackElo "2261"]
[PlyCount "51"]
[EventDate "2012.10.14"]
[EventType "team-tourn"]
[EventRounds "11"]
[EventCountry "GER"]
[SourceTitle "EXT 2014"]
[Source "ChessBase"]
[SourceDate "2013.11.20"]
[SourceVersion "1"]
[SourceVersionDate "2013.11.20"]
[SourceQuality "1"]
[WhiteTeam "Hoyerswerda"]
[BlackTeam "Magdeburg Aufbau Elbe"]
[WhiteTeamCountry "GER"]
[BlackTeamCountry "GER"]

1. e4 c5 2. c3 Nf6 3. e5 Nd5 4. Bc4 Nb6 5. Bb3 d5 6. d4 cxd4 7. cxd4 Nc6 8. Nc3 Bf5 9. Nge2 e6 10. 0-0 h5 11. Be3 Be7 12. h3 h4 13. Bc2 Bxc2 14. Qxc2 Rc8 15. b3 Nd7 16. f4 g6 17. Qd3 Nb4 18. Qd2 a6 19. Kh2 Nc6 20. Qb2 Nf8 21. a3 b5 22. Nb1 Nd7 23. Nd2 Kf8 24. Nf3 Kg7 25. Rfc1 Qa5 26. Bf2 1/2-1/2

[Event "Hofheim Spring op-A 1st"]
[Site "Hofheim"]
[Date "2013.04.06"]
[Round "8"]
[White "Perske, Thore"]
[Black "Graf, Roland"]
[Result "1-0"]
[WhiteElo "2080"]
[BlackElo "2178"]
[PlyCount "126"]
[EventDate "2013.04.02"]
[EventType "swiss"]
[EventRounds "9"]
[EventCountry "GER"]
[SourceTitle "CBM 153 Extra"]
[Source "ChessBase"]
[SourceDate "2013.04.22"]
[SourceVersion "1"]
[SourceVersionDate "2013.04.22"]
[SourceQuality "1"]

1. e4 e6 2. d4 d5 3. Nd2 c5 4. exd5 exd5 5. Ngf3 Nc6 6. Bb5 Bd6 7. dxc5 Bxc5 8. 0-0 Nge7 9. Nb3 Bd6 10. Re1 0-0 11. c3 Bg4 12. h3 Bh5 13. Be2 Re8 14. Be3 Qc7 15. Nfd4 Bxe2 16. Qxe2 a6 17. Rad1 h6 18. Nf3 Na5 19. Nxa5 Qxa5 20. a3 Nf5 21. Qd3 Nxe3 22. Rxe3 Rxe3 23. Qxe3 Rd8 24. g3 Bc5 25. Qd3 Qc7 26. Kg2 Be7 27. Qf5 Bf6 28. Rxd5 Rxd5 29. Qxd5 Qb6 30. Qd2 Qc6 31. Qe2 Qd5 32. c4 Qc6 33. b3 Kf8 34. Qd3 Ke7 35. Kf1 Kf8 36. Kg1 Qe6 37. Kh2 Qb6 38. Qe3 Qd6 39. b4 Qc6 40. Nd2 Bb2 41. Qd3 Ke7 42. c5 Qf6 43. Kg2 Qc6+ 44. f3 Qe6 45. Nc4 Be5 46. Qe4 Bc7 47. Ne3 Qxe4 48. fxe4 Kd7 49. Kf3 Kc6 50. g4 Kb5 51. Ke2 Be5 52. Kd3 a5 53. Nc4 axb4 54. axb4 Ba1 55. Nd6+ Kxb4 56. Nxb7 Kb5 57. Nd6+ Kxc5 58. Nxf7 Bb2 59. Ke3 Bd4+ 60. Kf3 Kc6 61. Nh8 Kd6 62. Ng6 Ke6 63. Nf4+ Ke5 1-0

[Event "Hofheim Spring op-A 1st"]
[Site "Hofheim"]
[Date "2013.04.03"]
[Round "3"]
[White "Graf, Roland"]
[Black "Petkov, Vladimir"]
[Result "1/2-1/2"]
[WhiteElo "2178"]
[BlackElo "2566"]
[PlyCount "117"]
[EventDate "2013.04.02"]
[EventType "swiss"]
[EventRounds "9"]
[EventCountry "GER"]
[SourceTitle "CBM 153 Extra"]
[Source "ChessBase"]
[SourceDate "2013.04.22"]
[SourceVersion "1"]
[SourceVersionDate "2013.04.22"]
[SourceQuality "1"]

1. e4 c5 2. c3 d6 3. d4 Nf6 4. Bd3 Nc6 5. Ne2 e5 6. d5 Ne7 7. c4 g6 8. Nbc3 Bg7 9. 0-0 0-0 10. a3 Kh8 11. b4 b6 12. f3 Nfg8 13. g4 f6 14. Ng3 Bh6 15. Bxh6 Nxh6 16. Qd2 Nf7 17. Kh1 Bd7 18. b5 Qc8 19. a4 a6 20. Qb2 f5 21. gxf5 gxf5 22. exf5 axb5 23. f6 Ng8 24. axb5 Nxf6 25. Nce4 Rxa1 26. Qxa1 Nxe4 27. Nxe4 Bf5 28. Qa7 Bg6 29. Qe7 Qd8 30. Qxd8 Nxd8 31. Kg2 Nb7 32. Ra1 Na5 33. Be2 Bxe4 34. fxe4 Rf4 35. Bd3 Kg7 36. Rf1 Rg4+ 37. Kf3 h5 38. h3 Rg6 39. Rf2 Kh6 40. Rg2 Rf6+ 41. Ke3 Nb3 42. Rg8 Nd4 43. Be2 Rg6 44. Rxg6+ Kxg6 45. h4 Nb3 46. Bf1 Kh6 47. Be2 Na5 48. Bf1 Nb7 49. Bh3 Nd8 50. Bf5 Kg7 51. Kd3 Nf7 52. Ke3 Kf6 53. Be6 Nd8 54. Bc8 Nf7 55. Be6 Nh8 56. Bf5 Kg7 57. Kf3 Nf7 58. Be6 Nd8 59. Bc8 1/2-1/2